书目信息 |
| 题名: |
园林景观设计与森林资源经营管理研究
|
|
| 作者: | 冯利华 , 龚欣 , 周丽芳 主编 | |
| 分册: | ||
| 出版信息: | 太原 三晋出版社 2024.07 |
|
| 页数: | 129页 | |
| 开本: | 24cm | |
| 丛书名: | ||
| 单 册: | ||
| 中图分类: | TU986.2 , S750 | |
| 科图分类: | ||
| 主题词: | 园林设计--yuan lin she ji--景观设计--研究 , 森林经营--sen lin jing ying--研究 | |
| 电子资源: | ||
| ISBN: | 978-7-5457-2580-3 | |
| 000 | 01066nam0 2200289 450 | |
| 001 | 90418 | |
| 005 | 20250815183045.59 | |
| 010 | @a978-7-5457-2580-3@dCNY56.00 | |
| 100 | @a20240920d2024 em y0chiy50 ea | |
| 101 | 0 | @achi |
| 102 | @aCN@b140000 | |
| 105 | @ay a 000yy | |
| 106 | @ar | |
| 200 | 1 | @a园林景观设计与森林资源经营管理研究@Ayuan lin jing guan she ji yu sen lin zi yuan jing ying guan li yan jiu@f冯利华, 龚欣, 周丽芳主编 |
| 210 | @a太原@c三晋出版社@d2024.07 | |
| 215 | @a129页@d24cm | |
| 320 | @a有书目 (第129页) | |
| 330 | @a本书共七章, 内容包括: 园林景观设计概论、园林景观设计的构成要素、城市滨水的景观设计、城市广场的景观设计、森林资源经营管理概述、森林的分类经营、森林生态与可持续经营管理。 | |
| 606 | 0 | @a园林设计@Ayuan lin she ji@x景观设计@x研究 |
| 606 | 0 | @a森林经营@Asen lin jing ying@x研究 |
| 690 | @aTU986.2@v5 | |
| 690 | @aS750@v5 | |
| 701 | 0 | @a冯利华@Afeng li hua@4主编 |
| 701 | 0 | @a龚欣@Agong xin@4主编 |
| 701 | 0 | @a周丽芳@Azhou li fang@4主编 |
| 801 | 0 | @aCN@c20250909 |
| 905 | @a河南城建学院图书馆@dTU986.2@eF480@f1 | |
| 园林景观设计与森林资源经营管理研究/冯利华, 龚欣, 周丽芳主编.-太原:三晋出版社,2024.07 |
| 129页;24cm |
| ISBN 978-7-5457-2580-3:CNY56.00 |
| 本书共七章, 内容包括: 园林景观设计概论、园林景观设计的构成要素、城市滨水的景观设计、城市广场的景观设计、森林资源经营管理概述、森林的分类经营、森林生态与可持续经营管理。 |
| ● |
| 相关链接 |
|
|
|
正题名:园林景观设计与森林资源经营管理研究
索取号:TU986.2/F480
 
预约/预借
| 序号 | 登录号 | 条形码 | 馆藏地/架位号 | 状态 | 备注 |
| 1 | 1624380 | 216243802 | 建筑库201/201建筑库 67排7列1层/ [索取号:TU986.2/F480] | 在馆 |